The vampire's photograph / (Record no. 5945)

MARC details
000 -LEADER
fixed length control field 01538nam a22002897a 4500
001 - CONTROL NUMBER
control field 5945
003 - CONTROL NUMBER IDENTIFIER
control field FISKH
005 - DATE AND TIME OF LATEST TRANSACTION
control field 20250210155405.0
008 - FIXED-LENGTH DATA ELEMENTS--GENERAL INFORMATION
fixed length control field 250210b cb ||||| |||| 00| 0 eng d
020 ## - INTERNATIONAL STANDARD BOOK NUMBER
International Standard Book Number 9780545058018
040 ## - CATALOGING SOURCE
Original cataloging agency FISKH
Language of cataloging eng
Transcribing agency FISKH
Modifying agency FISKH
050 ## - LIBRARY OF CONGRESS CALL NUMBER
Classification number PZ7.E5853 O
082 ## - DEWEY DECIMAL CLASSIFICATION NUMBER
Classification number 813.6
100 ## - MAIN ENTRY--PERSONAL NAME
Personal name Emerson, Kevin
Dates associated with a name (1994-)
245 ## - TITLE STATEMENT
Title The vampire's photograph /
Statement of responsibility, etc. Kevin Emerson
250 ## - EDITION STATEMENT
Edition statement This edition first published in 2008
260 ## - PUBLICATION, DISTRIBUTION, ETC.
Place of publication, distribution, etc. New York :
Name of publisher, distributor, etc. Scholastic,
Date of publication, distribution, etc. 2008.
300 ## - PHYSICAL DESCRIPTION
Extent 209 pages :
Dimensions 20 cm
505 ## - FORMATTED CONTENTS NOTE
Formatted contents note R<br/>
520 ## - SUMMARY, ETC.
Summary, etc. Oliver's life is no different from those of most middle school kids--except he sleeps in a coffin and drinks blood for breakfast Oliver Nocturne lives a pretty normal life--he deals with bullies, has an obnoxious older brother, and generally feels misunderstood. But being a vampire presents another host of problems, especially when he feels--he knows--he's not quite like everyone else. When Emalie, a human girl with a troubled past, takes a picture of him, Oliver ignores the rules that forbid him from interacting with humans and agrees to show her the darkest secrets of the Seattle underworld. But their quest will uncover more than vampire mythology--they will learn the terrible truth about Oliver's past and his purpose. And for Emalie, this knowledge could come at a fatal price.
521 8# - TARGET AUDIENCE NOTE
Target audience note 780<br/>
Source Lexile<br/>
521 8# - TARGET AUDIENCE NOTE
Target audience note R<br/>
Source Raz-Plus<br/>
650 ## - SUBJECT ADDED ENTRY--TOPICAL TERM
Source of heading or term Middle grade
Topical term or geographic name entry element Fantasy
650 ## - SUBJECT ADDED ENTRY--TOPICAL TERM
Source of heading or term Vampires
Topical term or geographic name entry element Zombies
942 ## - ADDED ENTRY ELEMENTS (KOHA)
Source of classification or shelving scheme Dewey Decimal Classification
Koha item type Books
Suppress in OPAC No
Holdings
Withdrawn status Lost status Source of classification or shelving scheme Damaged status Not for loan Collection Home library Current library Shelving location Date acquired Total Checkouts Full call number Barcode Date last seen Copy number Price effective from Koha item type
    Dewey Decimal Classification     Juvenile Fiction Footprints International School Library Network Toul Kork Campus Footprints International School Library Network Toul Kork Campus TTP Primary Orange Bookshelves 02/10/2025   EME 813.6 PZ7.E5853 O 2025-0485 02/10/2025 1 02/10/2025 Books